01007nam a2200277Ia 450000500170000000800270001702000180004410000300006224500570009225000170014930000260016649000800019250000550027250500790032765000300040665000280043665000300046465000260049465000280052026400470054833600270059533700330062233800280065504000350068308400110071820220317000329.0141031s9999 ck 000 0 spa d a97895883754651 aRoca, Juan Manuel,d1946-14aTres orillas en busca de un río cJuan Manuel Roca a1a edición a90. páginasc22 cm. aColección voces del fuegovTestigos del bicentenario. Poesía volumen 52 aIncluye datos biográficos del autor en la solapa aI. Poemas con estatuas -- II. Poemas con nadie -- III. Poemas con pintores142LEMBaPoesía colombiana142LEMBaTierravPoesías142LEMBaEstatuasvPoesías142LEMBaArtevPoesías142LEMBaMuseosvPoesías aCartagena de IndiasbPluma de Mompoxc2011 atextobtxt2rdacontent asin mediaciónbn2rdamedia avolumenbnc2rdacarrier aCO-BoRNBPbspaerdacCO-BoRNBP aP ROC4